| 000 | 00729nam a22002057a 4500 | ||
|---|---|---|---|
| 999 |
_c5287 _d5287 |
||
| 003 | AR-CdUCM | ||
| 008 | 190312b ||||| |||| 00| 0 spa d | ||
| 040 |
_aMUNICIPALIDAD PROVINCIAL DEL CUSCO _cBIBLIOTECA MUNICIPAL DEL CUSCO |
||
| 082 |
_a376.4 / _bG15 |
||
| 100 |
_aGall, Norman S. _915985 |
||
| 245 | _aLa Reforma Educativa Peruana / | ||
| 260 |
_aPerú : _bMosca Azul , _c1974. |
||
| 300 |
_a122 páginas ; _c21 cm. |
||
| 505 | _aContenido : Mas Escuelas -- Fuga de la Pobreza -- Dialogo de sordos -- Una democracia social de participacion plena -- Apendice I... | ||
| 650 |
_aReforma Educativa _94128 |
||
| 650 |
_aEducacion Peruana _93585 |
||
| 650 |
_aPedagogia en Crisis _915986 |
||
| 942 |
_2ddc _cLIBROS |
||
| 945 | _artm | ||